00242nam a2200085Ia 4500008004100000100002300041245004100064260004200105260000900147170620s9999 xx 000 0 und d aKumar- Moturi Ravi 0aMethods of Teaching Computer Science bNew Delhi- Discovery Publishing House c2006